00515nam a2200169Ia 4500003000900000008004100009040001600050080001300066100001900079245010900098260003000207300001500237650001200252650004100264650002100305700001900326IN-BaIIA211028s9999 xx 000 0 eng d cIIA Library a512bMAR aMarcus, Marvin 0aModern university algebracMarvin Marcus and Henry K. Minc  aNew YorkbMacmillanc1966 axii, 244p. aAlgebra aAstronomy and astrophysics thesaurus aLinear equations aMinc, Henry K.